Výzvy 21. storočia pre krajiny Latinskej Ameriky

Stručná hospodársko-politická história krajín Latinskej Ameriky. Súčasná situácia. Najdôležitejšie výzvy pre krajiny Latinskej Ameriky : boj s chudobou a vzdelávanie, rozvoj vidieka a agrárna reforma, zvyšovanie produktivity medzinárodnej konkurencieschopnosti, demokracia a transparentnosť politické...

Descrizione completa

Salvato in:
Dettagli Bibliografici
Autore principale: Honaizer, Marián
Natura: Capitolo di libro
Lingua:slovacco
Soggetti:
Tags: Aggiungi Tag
Nessun Tag, puoi essere il primo ad aggiungerne!!

MARC

LEADER 00000naa$a2200000$$$4500
001 0035921
005 20221207104710.2
041 0 |a slo 
044 |a SK 
245 1 0 |a Výzvy 21. storočia pre krajiny Latinskej Ameriky  |c Marián Honaizer 
520 |a Stručná hospodársko-politická história krajín Latinskej Ameriky. Súčasná situácia. Najdôležitejšie výzvy pre krajiny Latinskej Ameriky : boj s chudobou a vzdelávanie, rozvoj vidieka a agrárna reforma, zvyšovanie produktivity medzinárodnej konkurencieschopnosti, demokracia a transparentnosť politického rozhodovania. 
610 2 0 |a Latinská Amerika 
610 2 0 |a situácia hospodárska 
610 2 0 |a chudoba 
610 2 0 |a vzdelávanie 
610 2 0 |a rozvoj regionálny 
610 2 0 |a reformy poľnohospodárske 
610 2 0 |a konkurencieschopnosť 
610 2 0 |a demokracia 
100 1 |a Honaizer, Marián